000 00485nam a22001817a 4500
003 Ost
005 20250407091932.0
008 250403b |||||||| |||| 00| 0 eng d
020 _a978-0-7126707-5
040 _cBT-PhCST
050 _aD4639
082 _a294.3
_bHAN
_222
100 _aHanh, Thich Nhat.
245 _aNo death no fear :
_bcomforting wisdom for life /
260 _aThe USA :
_bHarper Collins Publishers,
_cc2002
300 _bill, ;
_c21 cm.
_a194 p. :
942 _2ddc
_cF
999 _c9986
_d9986